00607cam a2200181 a 45000010005000000030009000050050017000140080041000310200016000720400038000880820022001262450073001482600049002213000045002705040041003156510047003567000022004032035BD-DhUAP20200129101216.0200129s19961993nyuab b 000 0 eng  a039396955X  aBD-DhUAPcBD-DhUAPdBD-DhUAPbEng00a338.90973 LEA22300aLeading economic controversies of 1996 /cedited by Edwin Mansfield. aNew York :bNorton,cc1993 [Reprinted 1996]. aix, 207 pages :billustrations ;c23 cm. aIncludes bibliographical references. 0aEconomic policyzUnited Statesy1993-2001.1 aMansfield, Edwin.